| 000 | 01286cam a22003377i 4500 | ||
|---|---|---|---|
| 001 | 6843 | ||
| 003 | FISKH | ||
| 005 | 20250602122008.0 | ||
| 008 | 221214s2006 onca j 001 0 eng | ||
| 010 | _a 2022417468 | ||
| 020 |
_a9781553379942 _q(bound) |
||
| 020 |
_a9781553379959 _q(pbk.) |
||
| 040 |
_aDLC _cDLC _erda _dDLC _beng |
||
| 050 | _aQ163 | ||
| 082 | _a501 | ||
| 100 | _aMag, Editors of YES | ||
| 245 | 0 | 0 |
_aScience detectives : _bhow scientists solved six real-life mysteries / _cby the editors of Yes mag ; illustrated by Rose Cowles. |
| 260 |
_aToronto : _bKids Can Press, _c2006. |
||
| 300 |
_a48 pages : _bcolor illustrations ; _c28 cm |
||
| 336 |
_atext _btxt _2rdacontent |
||
| 337 |
_aunmediated _bn _2rdamedia |
||
| 338 |
_avolume _bnc _2rdacarrier |
||
| 500 | _aIncludes index. | ||
| 520 | _aScience detectives follows fearless and dedicated science sleuths tracking down leads and solving cases all over the world, in cities and in deserts, deep underground, high in the sky and even in your DNA | ||
| 650 | 0 |
_aCritical thinking _vJuvenile literature. |
|
| 650 | 0 |
_aScience _xMethodology _vJuvenile literature. |
|
| 700 | 1 |
_aCowles, Rose, _d1967- , _eillustrator. |
|
| 906 |
_a7 _bcbc _corigrew _d4 _encip _f20 _gy-gencatlg |
||
| 942 |
_2ddc _cBK _n0 |
||
| 999 |
_c6843 _d6843 |
||